| Tag |
First Indicator |
Second Indicator |
Subfields |
| LEADER |
00000cam a2200000 a 4500 |
| 001 |
in00001332621 |
| 005 |
20151006052151.0 |
| 008 |
970205s1996 dcua f000 0 eng d |
| 010 |
|
|
|a gp 97057635
|
| 035 |
|
|
|a (OCoLC)36324555
|
| 035 |
|
|
|9 AHF8173AM
|
| 037 |
|
|
|a 001-000-04631-4
|b GPO
|c $49/pack. 50
|
| 040 |
|
|
|a GPO
|c GPO
|d DLC
|d MvI
|d UtOrBLW
|
| 074 |
|
|
|a 0011
|
| 086 |
0 |
|
|a A 1.77:252/996
|
| 245 |
0 |
4 |
|a The Food guide pyramid.
|
| 250 |
|
|
|a Slightly rev. Oct. 1996.
|
| 264 |
|
1 |
|a [Washington, DC] :
|b U.S. Dept. of Agriculture, Center for Nutrition Policy and Promotion :
|c [1996]
|
| 264 |
|
2 |
|a [Washington, DC] :
|b [For sale by the U.S. G.P.O., Supt. of Docs.],
|
| 300 |
|
|
|a 29 pages :
|b color illustrations ;
|c 23 x 10 cm.
|
| 336 |
|
|
|a text
|b txt
|2 rdacontent
|
| 337 |
|
|
|a unmediated
|b n
|2 rdamedia
|
| 338 |
|
|
|a volume
|b nc
|2 rdacarrier
|
| 490 |
1 |
|
|a Home and garden bulletin ;
|v no. 252
|
| 500 |
|
|
|a Shipping list number: 97-0120-P.
|
| 500 |
|
|
|a "Supersedes HG-249"--P. [2] of cover.
|
| 650 |
|
0 |
|a Diet.
|
| 650 |
|
0 |
|a Nutrition
|x Requirements.
|
| 710 |
2 |
|
|a Center for Nutrition Policy and Promotion (U.S.)
|
| 830 |
|
0 |
|a Home and garden bulletin ;
|v no. 252.
|
| 999 |
|
|
|a MARS
|
| 999 |
f |
f |
|s 4e0c3a30-aaa3-3799-acee-41e801df4e00
|i dc84c067-5dc7-3f47-a03c-8a4e189cbcad
|t 0
|
| 952 |
f |
f |
|p normal
|a Texas A&M University
|b College Station
|c Sterling C. Evans Library
|d Evans: US Documents (Annex 5th floor)
|t 0
|e A 1.77:241-
|h Superintendent of Documents classification
|i unmediated -- volume
|m A14830599785
|
| 952 |
f |
f |
|a Texas A&M University
|b College Station
|c Sterling C. Evans Library
|d Evans: US Documents (Annex 5th floor)
|t 0
|e A 1.77:241-
|h Superintendent of Documents classification
|
| 998 |
f |
f |
|a A 1.77:241-
|s 241-244,246-248/995,250/998,252/996-253/v.1-8,258,259-260,263,265-267-1
|t 0
|l Evans: US Documents (Annex 5th floor)
|